Statistics for Target Store Locations (States G-M)

Click here to take the quiz!

General Stats

  • This quiz has been taken 2 times
  • The average score is 60 of 495

Answer Stats

HintAnswer% Correct
GAAtlanta
100%
ILAlton
50%
MDAnnapolis
50%
GAAthens
50%
GA | MEAugusta
50%
MDBaltimore
50%
MIBattle Creek
50%
IN | MNBloomington
50%
IDBoise
50%
MABoston
50%
MABraintree
50%
ILChampaign
50%
ILChicago
50%
INClarksville
50%
IADavenport
50%
ILDeKalb
50%
IADubuque
50%
MNDuluth
50%
ILElgin
50%
GAEvans
50%
ILEvanston
50%
INEvansville
50%
MIFlint
50%
INFort Wayne
50%
ILGlenview
50%
ILGurnee
50%
INHighland
50%
ILHighland Park
50%
MAHolyoke
50%
IDIdaho Falls
50%
INIndianapolis
50%
MIJackson
50%
ILJoliet
50%
MIKalamazoo
50%
MILansing
50%
KYLexington
50%
KYLouisville
50%
MNMedina
50%
MNMinneapolis
50%
MNNorthfield
50%
KYOwensboro
50%
MNPlymouth
50%
ILRockford
50%
MASalem
50%
GASavannah
50%
ILSchaumburg
50%
ILSkokie
50%
INSouth Bend
50%
ILSpringfield
50%
MNSt. Cloud
50%
MNSt. Paul
50%
MITraverse City
50%
IDTwin Falls
50%
ILWaukegan
50%
MDAberdeen
0%
MDAbingdon
0%
MAAbington
0%
GAAcworth
0%
GAAlbany
0%
LA | MNAlexandria
0%
ILAlgonquin
0%
MIAllen Park
0%
GAAlpharetta
0%
IAAltoona
0%
IAAmes
0%
MNAndover
0%
IAAnkeny
0%
MIAnn Arbor
0%
MNApple Valley
0%
ILArlington Heights
0%
MEAuburn
0%
MIAuburn Hills
0%
GAAustell
0%
INAvon
0%
MEBangor
0%
ILBatavia
0%
LABaton Rouge
0%
MNBaxter
0%
MDBel Air
0%
ILBelleville
0%
MNBemidji
0%
MDBethesda
0%
GABethlehem
0%
MEBiddeford
0%
MNBlaine
0%
MIBloomfield Hills
0%
ILBolingbrook
0%
LABossier City
0%
ILBourbonnais
0%
MDBowie
0%
KYBowling Green
0%
MDBrandywine
0%
MIBrighton
0%
ILBroadview
0%
MNBrooklyn Park
0%
GABrunswick
0%
MNBuffalo
0%
GABuford
0%
MABurlington
0%
MNBurnsville
0%
MICaledonia
0%
MDCalifornia
0%
MA | MNCambridge
0%
GA | MICanton
0%
INCarmel
0%
GACarrollton
0%
GACartersville
0%
IACedar Falls
0%
IACedar Rapids
0%
MNChamplin
0%
MNChanhassen
0%
MNChaska
0%
MIChesterfield
0%
ILCicero
0%
MIClinton Township
0%
MDCockeysville
0%
IDCoeur d'Alene
0%
MDColumbia
0%
GA | INColumbus
0%
GAConyers
0%
MNCoon Rapids
0%
IACoralville
0%
MNCottage Grove
0%
IACouncil Bluffs
0%
LACovington
0%
ILCrestwood
0%
MNCrystal
0%
ILCrystal Lake
0%
GACumming
0%
MADanvers
0%
MIDearborn
0%
MIDearborn Heights
0%
ILDecatur
0%
KSDerby
0%
IADes Moines
0%
MDDistrict Heights
0%
MADorchester
0%
GADouglasville
0%
MNEagan
0%
MIEast Lansing
0%
MDEaston
0%
ILEast Peoria
0%
GAEast Point
0%
MNEden Prairie
0%
MNEdina
0%
ILEdwardsville
0%
KYElizabethtown
0%
MDEllicott City
0%
MAEverett
0%
ILFairview Heights
0%
MIFarmington Hills
0%
GAFayetteville
0%
MIFenton
0%
INFishers
0%
KYFlorence
0%
GAFlowery Branch
0%
MNForest Lake
0%
IAFort Dodge
0%
MIFort Gratiot
0%
MAFramingham
0%
MDFrederick
0%
MNFridley
0%
GAGainsville
0%
MDGaithersburgh
0%
ILGalesburg
0%
MDGambrills
0%
KSGarden City
0%
MDGermantown
0%
MDGlen Burnie
0%
ILGlendale Heights
0%
INGoshen
0%
MI | MNGrand Rapids
0%
MIGrandville
0%
INGranger
0%
MDGreenbelt
0%
INGreenwood
0%
MAHadley
0%
MDHagerstown
0%
LAHammond
0%
MAHanover
0%
LAHarvey
0%
MAHaverhill
0%
ILHillside
0%
HIHilo
0%
GAHiram
0%
ILHodgkins
0%
ILHoffMan Estates
0%
MIHolland
0%
ILHomewood
0%
HIHonolulu
0%
LAHouma
0%
MIHowell
0%
MNHutchinson
0%
MAHyannis
0%
MDHyattsville
0%
MNInver Grove Heights
0%
IAIowa City
0%
GAJohns Creek
0%
HIKahului
0%
HIKailua
0%
HIKailua Kona
0%
HIKaneohe
0%
KSKansas City
0%
HIKapolei
0%
LAKenner
0%
GAKennesaw
0%
MAKingston
0%
INKokomo
0%
IN | LALafayette
0%
ILLake Bluff
0%
LALake Charles
0%
MNLakeville
0%
ILLake Zurich
0%
MALanesborough
0%
MDLa Plata
0%
MDLaurel
0%
KSLawrence
0%
GALawrenceville
0%
ILLemont
0%
MALeominster
0%
HILihue
0%
MNLino Lakes
0%
MILivonia
0%
ILLombard
0%
KYLouisville
0%
MALowell
0%
ILMachesney Park
0%
MIMacomb
0%
MIMadison Heights
0%
LAMandeville
0%
KSManhattan
0%
MNMankato
0%
MNMaple Grove
0%
GAMarietta
0%
ILMarion
0%
MAMarlborough
0%
MIMarquette
0%
IAMason City
0%
GAMcDonough
0%
MAMedford
0%
ILMelrose Park
0%
INMerrillville
0%
LAMetairie
0%
MAMethuen
0%
MDMiddle River
0%
MIMidland
0%
MAMilford
0%
MAMillbury
0%
GAMilton
0%
MNMinnetonka
0%
KSMission
0%
ILMoline
0%
LAMonroe
0%
MNMonticello
0%
MNMoorhead
0%
IDMoscow
0%
MIMount Pleasant
0%
INMuncie
0%
ILMundelein
0%
INMunster
0%
MIMuskegon
0%
IDNampa
0%
ILNaperville
0%
INNew Albany
0%
ILNew Lenox
0%
GANewnan
0%
KYNewport
0%
ILNiles
0%
ILNormal
0%
ILNorridge
0%
MANorth Attleborough
0%
ILNorth Aurora
0%
MANorth Dartmouth
0%
MNNorth St. Paul
0%
MDNottingham
0%
MINovi
0%
MNOakdale
0%
ILOak Lawn
0%
ILOak Park
0%
MIOkemos
0%
KSOlathe
0%
ILOrland Park
0%
ILOswego
0%
MNOtsego
0%
KSOverland Park
0%
MNOwatonna
0%
MDOwings Mills
0%
MDOxon Hill
0%
ILPalatine
0%
GAPeachtree City
0%
GAPeachtree Corners
0%
ILPeoria
0%
ILPeru
0%
MDPikesville
0%
IL | INPlainfield
0%
MAPlainville
0%
MIPortage
0%
IL | MAQuincy
0%
MNRed Wing
0%
MARevere
0%
MNRichfield
0%
MNRochester
0%
MIRochester Hills
0%
MDRockville
0%
MNRogers
0%
ILRosemont
0%
MNRoseville
0%
MARoslindale
0%
GARoswell
0%
MISaginaw
0%
MDSailsbury
0%
KSSalina
0%
GASandy Springs
0%
MASaugus
0%
MNSavage
0%
MASeekonk
0%
MNShakopee
0%
KSShawnee
0%
MIShelby Township
0%
ILShiloh
0%
MNShoreview
0%
ILShorewood
0%
LAShreveport
0%
MDSilver Springs
0%
IASioux City
0%
GASmyrna
0%
GASnellville
0%
MASomerville
0%
MASouth Easton
0%
ILSouth Elgin
0%
MISouthfield
0%
MESouth Portland
0%
ILSt. Charles
0%
MISterling Heights
0%
MDStevensville
0%
MNStillwater
0%
INSt. John
0%
MNSt. Louis Park
0%
MAStoneham
0%
MAStoughton
0%
ILStreamwood
0%
GASuwanee
0%
MASwansea
0%
MATaunton
0%
MITaylor
0%
ILTinley Park
0%
KSTopeka
0%
METopsham
0%
MDTowson
0%
MITroy
0%
GATucker
0%
MDUpper Malboro
0%
IAUrbandale
0%
MIUtica
0%
MNVadnais Heights
0%
GAValdosta
0%
INValparaiso
0%
ILVernon Hills
0%
ILVilla Park
0%
MNVirginia
0%
MNWaconia
0%
MDWaldorf
0%
MIWalker
0%
MIWalled Lake
0%
MAWareham
0%
GAWarner Robins
0%
MIWarren
0%
ILWarrenville
0%
IAWaterloo
0%
MAWatertown
0%
IAWaukee
0%
MAWestborough
0%
IAWest Burlington
0%
IAWest Des Moines
0%
INWest Lafayette
0%
MIWestland
0%
MDWestminster
0%
MNWest St. Paul
0%
MAWestwood
0%
ILWheaton
0%
ILWheeling
0%
KSWichita
0%
MNWillmar
0%
ILWillowbrook
0%
MAWilmington
0%
MNWinona
0%
MAWoburn
0%
MNWoodbury
0%
ILWood Dale
0%
MIWoodhaven
0%
ILWoodridge
0%
GAWoodstock
0%
MAWorchester
0%
MIWyoming
0%
ILYorkville
0%
MIYpsilanti
0%

Score Distribution

Percentile by Number Answered

Percent of People with Each Score

Your Score History

You have not taken this quiz